00880nam a2200205 a 450000100100000000500170001000800410002704000250006808200160009311000720010924500870018126000370026830000240030549000280032970000310035783000350038895201140042395201200053799900170065700002964420200930055711.0110415s1996 dr 000 0 spa d aDO-SdBNPbspacBNPHU axxxbC3978a2 aCentro Nacional de Investigaciones en Salud Materno Infantil95575710aLa investigación en salud en la República Dominicana /ceditor Marcos Espinal. aSanto Domingo :bCENISMI,c1996. avi, 26 p. ;c28 cm.1 aReuniones técnicasv21 aEspinal, Marcoseed955763 0aReuniones técnicasv2955759 0010718PDaPDbPDcHDd2011-04-19iLF1l0oxxx C3978ap29644-10r2020-06-25w2020-06-25yLFPDZNo se presta 0010718PDaPDbPDcHDd2011-05-03iLF1l0oxxx C3978ap29644-20r2020-06-25te. 2w2020-06-25yLFPDZNo se presta c29136d29136